Melanesia, Micronesia,Polynesia, Australasia - Statistics

General Stats
  • This quiz has been taken 7 times
  • The average score is 16 of 27
Answer Stats
Hint Extra Hint Answer % Correct
Australia Country Australasia
86%
Easter Island Territory Polynesia
86%
Hawaii Territory Polynesia
86%
Solomon Islands Country Melanesia
71%
Federated States of Micronesia Country Micronesia
71%
Guam Territory Micronesia
71%
Marshall Islands Country Micronesia
71%
Palau Country Micronesia
71%
French Polynesia Territory Polynesia
71%
American Samoa Territory Polynesia
71%
Samoa Country Polynesia
71%
Niue Territory Polynesia
71%
Fiji Country Melanesia
57%
Papua New Guinea Country Melanesia
57%
Northern Mariana islands Territory Micronesia
57%
Tonga Country Polynesia
57%
Wallis and Futuna Territory Polynesia
57%
Cook Islands Territory Polynesia
57%
Pitcairn Island Territory Polynesia
57%
Christmas Island Territory Australasia
43%
Cocos Island Country Australasia
43%
Papua Region Melanesia
43%
New Caledonia Territory Melanesia
43%
Vanuatu Country Melanesia
43%
Tokelau Territory Polynesia
43%
Tuvalu Country Polynesia
29%
Nauru Country Micronesia
14%
No matching quizzes found
Score Distribution
Percent of People with Each Score
Percentile by Number Answered
Your Score History
You have not taken this quiz